00345cam a22001097a 4500008004000000082001800040100001900058245006500077260003600142300001100178650004600189180718b1961 xxu||||| |||| 00| 0 eng d aA99 K528/P679 aPistrak, Lazar aGrand Tactician:Khrushchev's rise to powercby Lazar Pistrak aLondonbThames and Hudsonc1961 ax,296p aKhrushchev, Nikita Sergeevich, 1894-1971.